Etiqueta de registo: 00000nam 2200025 450
001 1981309
003 http://id.bnportugal.gov.pt/bib/catbnp/1981309
010 ## $a978-989-20-7874-8
021 ## $aPT$b430341/17
100 ## $a20180130d2017 m d0pory01030103ba
101 0# $apor
102 ## $aPT
105 ## $aa z 000yy
106 ## $ar
200 1# $aToponímia da vila de Porto de Mós (1880-2015)$eecos de memória$fMaria Adozinda da Luz da Fonseca Cruz Carvalho$gpref. Daniel da Costa Carvalho Cruz
205 ## $a1ª ed
210 #9 $aPorto de Mós$cMunicípio de Porto de Mós,$d2017
215 ## $a196 p.$cil.$d24 cm
675 ## $a811.134.3'373(469.325)"1880/2015"(091)$vBN$zpor$31703773
700 #1 $aCarvalho,$bMaria Adozinda da Luz da Fonseca Cruz$31703444
702 #1 $aCruz,$bDaniel da Costa Carvalho$4080$31703446
801 #0 $aPT$bBN$gRPC
856 41 $uhttp://rnod.bnportugal.gov.pt/ImagesBN/winlibimg.aspx?skey=&doc=1981309&img=104586&save=true
900 ## $aBIBNAC$d20180207
966 ## $lBN$mFGMON$sL. 142883 V.$x1
966 ## $lBN$mFGMON$sL. 142883 V.-D$x1
Etiqueta de registo: 00254nam 2200025 450
001 2283740
003 http://id.bnportugal.gov.pt/bib/catbnp/2283740
010 ## $a978-989-33-8127-4
021 ## $aPT$b550901/25
100 ## $a20260406d2025 k d0pory01030103ba
101 0# $apor
102 ## $aPT
105 ## $aa v 000yy
106 ## $ar
200 1# $a As elites e o poder local em Porto de Mós (1898-1926)$fMaria Adozinda da Luz da Fonseca Cruz Carvalho$gnota de abertura Jorge Vala$gpref. Daniel da Costa Carvalho Cruz
205 ## $a1ª ed
210 #9 $aPorto de Mós$cMunicípio de Porto de Mós,$d2025
215 ## $a226 p.$cil.$d24 cm
700 #1 $aCarvalho,$bMaria Adozinda da Luz da Fonseca Cruz$31703444
702 #1 $aVala,$bJorge,$f1947-$4080$350529
702 #1 $aCruz,$bDaniel da Costa Carvalho$4080$31703446
801 #0 $aPT$bBN$gRPC
966 ## $lBN$mFGMON$x1
966 ## $lBN$mFGMON$x1
971 ## $cssilva$d20260406